Optimalizačné modely organizácie odvetví v bankovom sektore diplomová práca

Uložené v:
Podrobná bibliografia
Hlavný autor: Zámečníková, Alena
Korporativný autor: Fakulta hospodárskej informatiky EU. Katedra operačného výskumu a ekonometrie
Ďalší autori: Fendek, Michal
Médium: Kniha
Jazyk:Slovak
Vydavateľské údaje: Bratislava 2014
Tagy: Pridať tag
Žiadne tagy, Buďte prvý, kto otaguje tento záznam!

MARC

LEADER 00000nbm a2200000 4500
001 0188539
005 20170201104022.5
041 0 |a slo 
044 |a SK 
245 1 0 |a Optimalizačné modely organizácie odvetví v bankovom sektore  |b diplomová práca  |c Alena Zámečníková ; školiteľ: Michal Fendek 
264 1 |a Bratislava  |c 2014 
300 |a 60 s. 
100 1 |a Zámečníková, Alena 
700 1 |a Fendek, Michal 
710 2 |a Fakulta hospodárskej informatiky EU. Katedra operačného výskumu a ekonometrie